Регионална библиотека "Любен Каравелов" - Русе

История на света (Запис номер 75483)

MARC детайли
000 -Лидер
Контролно поле с фиксирана дължина 02331nam a2200469 c 4500
003 - Код на организацията, давaща контролен номер
Контролно поле BLK
005 - Дата и час на последна редакция
Контролно поле 20230921113913.0
008 - Елементи от данни с фиксирана дължина
fixed length control field 180408b bul|||||r ||||||| ||bul||
010 ## - Наследен системен номер
LC control number KNG00079899000
020 ## - Международен стандартен номер на книга ISBN
Международен стандартен номер на книга ISBN 954-8517-40-Х
-- издат.: Унив. изд. Св. Климент Охридски - на том(т. 1)(ICON)
020 ## - Международен стандартен номер на книга ISBN
Международен стандартен номер на книга ISBN 978-954-8517-40-9
-- издат.: Унив. изд. Св. Климент Охридски - на том(т. 1)(ICON)
040 ## - Източник на каталожния запис
Идентификатор на билиотеката - собственик на записа BLK
041 ## - Код за език
Код за езика на текст/звукозапис или на отделно заглавие Български
Код за езика КДБФ Български
080 ## - УДК
Текстов определител УДК История. Вж и (091) ; (093)
УДК код - определител по УДК 93/99
УДК определител
УДК - код + определител 93/99
080 ## - УДК
Текстов определител УДК Стара и антична история
УДК код - определител по УДК 931
УДК определител
УДК - код + определител 931
139 ## - Редно поле
Редна дума История на света
Авторски знак Истор - И 95
245 10 - Сведения за заглавието
Заглавие История на света
Подзаглавни данни Т. 1 -
Редно поле (дума) под ръков. на Жан Гийом; под ръков. на Георги Бакалов; прев. на том Милен Атанасов.
Том Т. 1
Заглавие на том Праистория (От един континент към друг)
257 ## - Страна на издаване
Страна на създаване/издаване Франция
260 ## - Област на издателските данни
-- София
Име на издателя, разпространителя и проч. ICON
Година на издаване 2007 -
Печатница София : Унив. изд. Св. Кл. Охридски
300 ## - Физическа характеристика
Размери/Мащаб 24 см
380 ## - Жанр
Жанр История
490 1# - СЕРИИ (Колекции)
Име на серия Larousse
500 ## - Общи забележки
Забележка Ориг. загл. Histoire universelle
650 #4 - Допълнително описание по предмет – тема
Основно описание – тема или топоним История, световна
9 (RLIN) 261939
650 #4 - Допълнително описание по предмет – тема
Основно описание – тема или топоним Праистория
9 (RLIN) 167522
651 #4 - Допълнително описание по предмет - топоним
Географско понятие Америка
9 (RLIN) 270135
651 #4 - Допълнително описание по предмет - топоним
Географско понятие Азия
9 (RLIN) 253598
651 #4 - Допълнително описание по предмет - топоним
Географско понятие Африка
9 (RLIN) 246452
651 #4 - Допълнително описание по предмет - топоним
Географско понятие България
9 (RLIN) 241624
653 ## - Ключова дума – ненормативна
Ключова дума история на света
653 ## - Ключова дума – ненормативна
Ключова дума праистория
700 1# - Други автори (авторска отговорност)
Лично име Гийом, Жан
Автороска отговорност (Описва отношението между автора и произведението) под ръков. на
9 (RLIN) 297445
700 1# - Други автори (авторска отговорност)
Лично име Бакалов, Георги
Автороска отговорност (Описва отношението между автора и произведението) под ръков. на
9 (RLIN) 363975
700 1# - Други автори (авторска отговорност)
Лично име Атанасов, Милен
Автороска отговорност (Описва отношението между автора и произведението) прев. на том
9 (RLIN) 366719
760 1# - Описание на основната серия
-- - на том(т. 1)(ICON)
Място на издаване, издател и година Унив. изд. Св. Климент Охридски, 2007
Страници - том 352 с.
Забележка - том Кор. загл. История на света Праистория ...4000 г. пр. н. е. - Съдържа и Хроника ; Индекс.
Заглавие Т. 1 Праистория (От един континент към друг)
852 ## - Местоположение
Форматна сигнатура Цб 237374
856 4# - Електронен адрес и достъп
Електронен формат pdf - файл
Път до файла /url/
856 4# - Електронен адрес и достъп
Електронен формат pdf - файл
Път до файла /url/
942 ## - АРТИКУЛИ
Вид на библиотечния материал Книги
Скрит в OPAC Не
Koha issues (borrowed), all copies 7
944 ## - СЪЗДАВАНЕ И РЕДАКЦИЯ на ЗАПИСА
Създаване/Редакция Създаване
Дата на регистрацията/редакция 03.12.2007
Статус, дата на статуса Русанова Ирена
Служител, извършил регистрацията/редакцията 30542
944 ## - СЪЗДАВАНЕ И РЕДАКЦИЯ на ЗАПИСА
Създаване/Редакция Редакция
Дата на регистрацията/редакция 25.01.2010
Статус, дата на статуса ф /
Служител, извършил регистрацията/редакцията
999 ## - СИСТЕМНИ КОНТРОЛНИ НОМЕРА
Koha biblionumber 75483
Koha biblioitemnumber 75483
Наличности
Код за отписване Код за изгубен артикул Източник на класификационната схема Код за повреда Коз за рестрикции Код за отдаване Артикулен № Име на библиотеката - собственик Име на библиотеката, в която се намира в момента Статус (Текущо местоположение) Дата на вписване в системата Местоположение - отдел Цена в лева Инвентарен номер Систематично азбучна сигнатура Баркод Номер на екземпляра Цена в евро Служебна бележка Служебен тип на артикула
  Не е изгубен Universal Decimal Classification Не е повреден без рестрикции заемане за дома 122505 Регионална библиотека "Любен Каравелов" Русе Регионална библиотека "Любен Каравелов" Русе Заемна - подръчен фонд 2007-11-30 Заемна - подръчен фонд 20.00 120000720705 93/94/И 95 120000720705 1 10.23 Дост: Pk Вид: Ф N: 11786 Дата: 27.11.2007 Дата инв: 07.02.2018 Бележки инв: П2018 Книги
  Не е изгубен Universal Decimal Classification Не е повреден без рестрикции ползва се в читалня 122506 Регионална библиотека "Любен Каравелов" Русе Регионална библиотека "Любен Каравелов" Русе Читалня 2007-11-30 Читалня 20.00 120000720706 Ч 93/94/И 95 120000720706 2 10.23 Дост: Pk Вид: Ф N: 11786 Дата: 27.11.2007 Дата инв: 28.03.2017 Бележки инв: Ч2017 Книги
  Не е изгубен Universal Decimal Classification Не е повреден без рестрикции заемане за дома 122507 Регионална библиотека "Любен Каравелов" Русе Регионална библиотека "Любен Каравелов" Русе Заемна - подръчен фонд 2008-12-09 Заемна - подръчен фонд 20.00 120000732003 93/94/И 95 120000732003 3 10.23 Дост: Pk Вид: Ф N: 11850 Дата: 07.12.2008 Дата инв: 16.02.2018 Бележки инв: П2018 Книги
  Не е изгубен Universal Decimal Classification Не е повреден без рестрикции заемане за дома 122508 Регионална библиотека "Любен Каравелов" Русе Регионална библиотека "Любен Каравелов" Русе Дубликат 2008-12-09 Заемна - подръчен фонд 20.00 120000732004 93/94/И 95 120000732004 4 10.23 Дост: Pk Вид: Ф N: 11850 Дата: 07.12.2008 Дата инв: 07.02.2018 Бележки инв: П2018 Книги
  Не е изгубен   Не е повреден без рестрикции ползва се в читалня 122509 Регионална библиотека "Любен Каравелов" Русе Регионална библиотека "Любен Каравелов" Русе Хранилище 2010-01-26 Основен фонд - ползва се само за читалня 20.00 120000741320 Цб 237374 120000741320 5 10.23 Дост: DA Вид: А N: 2 Дата: 26.01.2010 Книги
  Не е изгубен Universal Decimal Classification Не е повреден без рестрикции заемане за дома 122510 Регионална библиотека "Любен Каравелов" Русе Регионална библиотека "Любен Каравелов" Русе Заемна - подръчен фонд 2010-01-26 Заемна - подръчен фонд 20.00 120000741321 93/94/И 95 120000741321 6 10.23 Дост: DA Вид: А N: 2 Дата: 26.01.2010 Дата инв: 07.02.2018 Бележки инв: П2018 Книги
Vip Innovations Ltd, Rousse, Bulgaria 2025